00564nam a2200181 a 45000010010000000030011000100080041000210350026000620820014000881000023001022450051001252600045001766500024002219420012002459520090002579980020003479990015003670000-8547ELIB.Books110520 1970  a(ELIB.Books)0000-8692 a242 bRyl aRyle, John Charles aThe Upper Room: being a few truth for the time bLondon: The Banner of Truth Trust c1970 aDevotional Theology 2ddccBK 00102ddc4070aKBTSbKBTSd2011-05-20l0p8563r2022-01-22 00:00:00w2022-01-22yBK cbate2011-05-20 c8547d8547